000
00301nam a22001337a 4500
008
170801b xxu||||| |||| 00| 0 eng d
020
_a
9780827349094
041
_a
eng
080
_a
004
100
_a
32
101
_a
SHKI
245
_a
LIVING WITH TECHNOLOGY
_c
TEACHER'S RESOURCE
942
_2
udc
_c
BK
999
_c
22364
_d
22364